000 01576namaa2200481uu 4500
001 doab96182
003 oapen
005 20260305123953.0
006 m o d
007 cr|mn|---annan
008 230120s2023 xx |||||o ||| 0|eng d
020 _a9780367404048
020 _a9780429355950
020 _a9781032371047
040 _aoapen
_coapen
041 0 _aeng
042 _adc
072 7 _aJF
_2bicssc
072 7 _aJHB
_2bicssc
720 1 _aMica, Adriana
_4edt
245 0 0 _aRoutledge International Handbook of Failure
260 _bTaylor & Francis
_c2023
300 _a1 online resource
336 _atext
_btxt
_2rdacontent
337 _acomputer
_bc
_2rdamedia
338 _aonline resource
_bcr
_2rdacarrier
506 0 _aFree-to-read
_fUnrestricted online access
_2star
520 _afailure, critical failure studies, inequality, invisibility, genealogy
540 _aAll rights reserved
_uhttp://oapen.org/content/about-rights
546 _aEnglish
650 7 _aSociety & culture: general
_2bicssc
650 7 _aSociology
_2bicssc
653 _afailure, critical failure studies, inequality, invisibility, genealogy
720 1 _aHorolets, Anna
_4edt
720 1 _aHorolets, Anna
_4oth
720 1 _aKubicki, Paweł
_4edt
720 1 _aKubicki, Paweł
_4oth
720 1 _aMica, Adriana
_4oth
720 1 _aPawlak, Mikołaj
_4edt
720 1 _aPawlak, Mikołaj
_4oth
793 0 _aDOAB Library.
856 4 0 _uhttps://directory.doabooks.org/handle/20.500.12854/96182
_70
_zFree-to-read: DOAB: description of the publication
999 _c93215
_d93215